00381nam a2200157Ia 4500008004100000020001800041082001300059100001600072245002400088250000600112260002800118300001500146500002400161650001400185700002400199230524s9999 xx 000 0 und d a9780198757174 a546bWEL aMark Weller 0aInorganic Chemistry a6 aNew DelhibOxfordc2010 a"XX,863p;" aQuantity Number: 1 aChemistry a"Tina Overton, etl"